| 000 | 00595pam a2200193 a 4500 | ||
|---|---|---|---|
| 020 | _a0930031229 (alk. paper) : | ||
| 040 | _cDLC | ||
| 082 | 0 | 0 | _a635 CHE 1989 C153 Or. |
| 100 | 1 | _aColeman, Eliot, | |
| 245 | 1 | 4 |
_aThe new organic grower : _ba master's manual of tools and techniques for the home and market gardener / |
| 260 |
_aChelsea, Vt : _bChelsea Green, _cc1989. |
||
| 300 |
_axv, 269 p. : _bill. ; _c26 cm. |
||
| 500 | _aIncludes index. | ||
| 650 | 0 | _aVegetable gardening. | |
| 650 | 0 | _aOrganic gardening. | |
| 650 | 0 | _aTruck farming. | |
| 650 | 0 | _aOrganic farming. | |
| 942 | _cAEDBB | ||
| 999 |
_c18853 _d18853 |
||